more cars - Statistics

General Stats
  • This quiz has been taken 4 times
  • The average score is 1 of 5
Answer Stats
Hint Answer % Correct
Germany, 1966-1977 BMW 2002
67%
France, 1972-1996 Renualt 5
33%
UK, 1963-1976 Hillman Imp
0%
Italy, 1963-1976 Lancia Fulvia
0%
Germay, 1976-1988 Porsche 924
0%
No matching quizzes found
Score Distribution
Percent of People with Each Score
Percentile by Number Answered
Your Score History
You have not taken this quiz